[Event "Bad Woerishofen Seniors op 36th"]
[Site "Bad Woerishofen"]
[Date "2020.03.11"]
[Round "6"]
[White "Chan, Peng Kong"]
[Black "Keller, Harald"]
[Result "1-0"]
[WhiteElo "2142"]
[BlackElo "2024"]
[PlyCount "65"]
[EventDate "2020.03.05"]
[EventType "swiss"]
[EventRounds "9"]
[EventCountry "GER"]
[SourceTitle "CBM 195 Extra"]
[Source "ChessBase"]
[SourceDate "2020.05.31"]
[SourceVersion "1"]
[SourceVersionDate "2020.05.31"]
[SourceQuality "1"]

1. d4 Nf6 2. c4 e6 3. g3 Bb4+ 4. Bd2 Bxd2+ 5. Qxd2 d5 6. Bg2 0-0 7. Nf3 Ne4 8. Qc2 Nd7 9. 0-0 c6 10. Nbd2 f5 11. Rab1 Nxd2 12. Qxd2 dxc4 13. Rfc1 Qe7 14. Qf4 Re8 15. Ne5 Nxe5 16. dxe5 Rd8 17. Rd1 Rd5 18. Bxd5 exd5 19. b3 c3 20. Rbc1 Be6 21. Rxc3 Rf8 22. Qd4 a6 23. f4 h5 24. b4 g5 25. a4 Bd7 26. b5 axb5 27. axb5 Ra8 28. Rdc1 Ra3 29. Rxa3 Qxa3 30. Ra1 Qb3 31. bxc6 Bxc6 32. e6 Kh7 33. Ra8 1-0

[Event "MVP-ch Seniors op 18th"]
[Site "Ostseebad Binz"]
[Date "2018.12.04"]
[Round "7"]
[White "Keller, Harald"]
[Black "Pamperin, Gerhard"]
[Result "1/2-1/2"]
[WhiteElo "2030"]
[BlackElo "1909"]
[PlyCount "66"]
[EventDate "2018.11.28"]
[EventType "swiss"]
[EventRounds "9"]
[EventCountry "GER"]
[SourceTitle "CBM 188 Extra"]
[Source "ChessBase"]
[SourceDate "2019.02.26"]
[SourceVersion "1"]
[SourceVersionDate "2019.02.26"]
[SourceQuality "1"]

1. e4 e6 2. Qe2 c5 3. Nf3 Nc6 4. g3 e5 5. d3 Nf6 6. Bg2 d6 7. c3 Be7 8. Na3 h6 9. Nc2 0-0 10. Ne3 Be6 11. 0-0 Qd7 12. Nh4 Ng4 13. Nhf5 Nxe3 14. Nxe7+ Nxe7 15. Bxe3 f5 16. f4 fxe4 17. fxe5 exd3 18. Rxf8+ Rxf8 19. Qxd3 Nf5 20. exd6 Nxe3 21. Qxe3 Qxd6 22. Bxb7 Rb8 23. Qf3 Qd2 24. b3 Rf8 25. Qe4 Qf2+ 26. Kh1 Bh3 27. Bd5+ Kh8 28. Qe1 Qb2 29. Rb1 Qxa2 30. Ra1 Qb2 31. Rb1 Qf2 32. b4 cxb4 33. cxb4 Qc2 1/2-1/2

[Event "MVP-ch Seniors op 18th"]
[Site "Ostseebad Binz"]
[Date "2018.12.02"]
[Round "5"]
[White "Keller, Harald"]
[Black "Fleischer, Martin"]
[Result "1/2-1/2"]
[WhiteElo "2030"]
[BlackElo "1908"]
[PlyCount "53"]
[EventDate "2018.11.28"]
[EventType "swiss"]
[EventRounds "9"]
[EventCountry "GER"]
[SourceTitle "CBM 188 Extra"]
[Source "ChessBase"]
[SourceDate "2019.02.26"]
[SourceVersion "1"]
[SourceVersionDate "2019.02.26"]
[SourceQuality "1"]

1. e4 e6 2. Nf3 d5 3. e5 c5 4. b4 cxb4 5. a3 Nc6 6. d4 a6 7. axb4 Bxb4+ 8. c3 Be7 9. Bd3 Bd7 10. 0-0 b5 11. Re1 Na5 12. Nbd2 Nc4 13. Nxc4 bxc4 14. Bc2 g6 15. Be3 Kf8 16. Qd2 Kg7 17. h3 h5 18. g4 hxg4 19. hxg4 Nh6 20. Kg2 Nxg4 21. Rh1 Nxe3+ 22. Qxe3 Qc7 23. Rxh8 Rxh8 24. Rxa6 Rh5 25. Ra1 Qd8 26. Ra7 Bc6 27. Qf4 1/2-1/2

[Event "MVP-ch Seniors op 18th"]
[Site "Ostseebad Binz"]
[Date "2018.11.28"]
[Round "1"]
[White "Keller, Harald"]
[Black "Moews, Harald"]
[Result "1-0"]
[WhiteElo "2030"]
[BlackElo "1726"]
[PlyCount "69"]
[EventDate "2018.11.28"]
[EventType "swiss"]
[EventRounds "9"]
[EventCountry "GER"]
[SourceTitle "CBM 188 Extra"]
[Source "ChessBase"]
[SourceDate "2019.02.26"]
[SourceVersion "1"]
[SourceVersionDate "2019.02.26"]
[SourceQuality "1"]

1. e4 e6 2. d4 Be7 3. Bd3 d6 4. c3 a6 5. f4 Nh6 6. Nf3 Ng4 7. 0-0 Nd7 8. h3 Ngf6 9. e5 Nd5 10. Qe2 0-0 11. a3 g6 12. c4 N5b6 13. Nc3 c6 14. exd6 Bf6 15. Ne5 Bg7 16. c5 Nd5 17. Ne4 N7f6 18. Nxf6+ Nxf6 19. g4 Bd7 20. f5 exf5 21. gxf5 Nh5 22. Kh2 Be8 23. Rg1 b5 24. Be4 Qc8 25. Qf3 Ra7 26. Be3 f6 27. Nxc6 Bxc6 28. Bxc6 Qxf5 29. Qxf5 gxf5 30. Raf1 f4 31. Bxf4 Nxf4 32. Rxf4 Kh8 33. Re4 Bh6 34. d7 f5 35. Re8 1-0

[Event "WchT Seniors 50"]
[Site "Dresden"]
[Date "2018.07.07"]
[Round "1.4"]
[White "Keller, Harald"]
[Black "Plaskett, H James"]
[Result "0-1"]
[WhiteElo "2043"]
[BlackElo "2455"]
[PlyCount "58"]
[EventDate "2018.07.07"]
[EventType "team-swiss"]
[EventRounds "9"]
[EventCountry "GER"]
[SourceTitle "CBM 185 Extra"]
[Source "ChessBase"]
[SourceDate "2018.07.29"]
[SourceVersion "1"]
[SourceVersionDate "2018.07.29"]
[SourceQuality "1"]
[WhiteTeam "Schwarzwald"]
[BlackTeam "England"]
[WhiteTeamCountry "GER"]
[BlackTeamCountry "ENG"]

1. e4 c5 2. Nc3 Nc6 3. d3 g6 4. g3 Bg7 5. Bg2 d6 6. f4 Nf6 7. Nf3 0-0 8. 0-0 Rb8 9. Ne2 c4 10. h3 Qb6+ 11. Kh2 Be6 12. g4 cxd3 13. cxd3 Rfc8 14. f5 Bd7 15. Nf4 Nb4 16. g5 Ne8 17. fxg6 hxg6 18. a3 Nc2 19. Nd5 Qd8 20. Nh4 Nxa1 21. Rxf7 Kxf7 22. Qf3+ Nf6 23. gxf6 exf6 24. Nf4 Qa5 25. Nd5 Rxc1 26. Qg3 g5 27. Qxd6 Qd8 28. Bf3 Bg4 29. Qg3 gxh4 0-1

[Event "GER-chA Seniors 29th"]
[Site "Berlin"]
[Date "2017.08.13"]
[Round "6"]
[White "Keller, Harald"]
[Black "Koehler, Gerhard"]
[Result "1/2-1/2"]
[WhiteElo "2059"]
[BlackElo "2188"]
[PlyCount "44"]
[EventDate "2017.08.07"]
[EventType "swiss"]
[EventRounds "9"]
[EventCountry "GER"]
[SourceTitle "EXT 2019"]
[Source "ChessBase"]
[SourceDate "2018.10.10"]
[SourceVersion "1"]
[SourceVersionDate "2018.10.10"]
[SourceQuality "1"]

1. e4 c5 2. Nc3 Nc6 3. g3 g6 4. Bg2 Bg7 5. d3 e6 6. f4 Nge7 7. Nf3 d6 8. 0-0 0-0 9. Be3 Nd4 10. Qd2 Rb8 11. Rab1 a6 12. Ne2 e5 13. c3 Nxe2+ 14. Qxe2 Be6 15. a3 Qc7 16. Ng5 Bd7 17. f5 f6 18. Ne6 Bxe6 19. fxe6 Qc8 20. Bh3 Qc6 21. Bg2 Qc8 22. Bh3 Qc6 1/2-1/2

[Event "GER-chA Seniors 28th"]
[Site "Niederhausen"]
[Date "2016.08.18"]
[Round "6"]
[White "Waagener, Ulrich"]
[Black "Keller, Harald"]
[Result "1/2-1/2"]
[WhiteElo "2150"]
[BlackElo "2059"]
[PlyCount "42"]
[EventDate "2016.08.13"]
[EventType "swiss"]
[EventRounds "9"]
[EventCountry "GER"]
[SourceTitle "EXT 2019"]
[Source "ChessBase"]
[SourceDate "2018.10.10"]
[SourceVersion "1"]
[SourceVersionDate "2018.10.10"]
[SourceQuality "1"]

1. e4 Nf6 2. Nc3 d5 3. e5 d4 4. exf6 dxc3 5. fxg7 cxd2+ 6. Bxd2 Bxg7 7. Qh5 Qd6 8. 0-0-0 Qe5 9. Qxe5 Bxe5 10. Nf3 Bf6 11. Bf4 c6 12. Bc4 Bg4 13. Rd3 Nd7 14. h3 Bf5 15. Re3 Nb6 16. Bb3 Nd5 17. Bxd5 cxd5 18. Be5 Bxe5 19. Nxe5 Rc8 20. Nd3 Bxd3 21. Rxd3 e6 1/2-1/2

[Event "Baden Wuerttemberg-ch Seniors op 2nd"]
[Site "Freudenstadt"]
[Date "2016.07.08"]
[Round "8"]
[White "Schneider, Frank"]
[Black "Keller, Harald"]
[Result "0-1"]
[WhiteElo "2107"]
[BlackElo "2024"]
[PlyCount "78"]
[EventDate "2016.07.01"]
[EventType "swiss"]
[EventRounds "9"]
[EventCountry "GER"]
[SourceTitle "EXT 2019"]
[Source "ChessBase"]
[SourceDate "2018.10.10"]
[SourceVersion "1"]
[SourceVersionDate "2018.10.10"]
[SourceQuality "1"]

1. d4 Nf6 2. Nf3 e6 3. c4 Bb4+ 4. Nbd2 b6 5. g3 Bb7 6. Bg2 0-0 7. 0-0 Bxd2 8. Qxd2 d6 9. b3 Nbd7 10. Rd1 Qe7 11. Bb2 Ne4 12. Qc2 f5 13. Ne1 Rab8 14. Rac1 c5 15. e3 Ndf6 16. Qe2 Rbd8 17. Nd3 Ng5 18. f4 Nge4 19. Ne1 Ng4 20. Nf3 Ngf6 21. Rd3 Ng4 22. Rf1 Ngf6 23. Ba1 Ng4 24. Qb2 Ngf6 25. a3 Rc8 26. Rc1 Rc7 27. b4 cxb4 28. axb4 Rfc8 29. Ra3 Rxc4 30. Rxc4 Rxc4 31. Rxa7 Qc7 32. Bf1 Rc3 33. Qa2 Rc1 34. Bb2 Rxf1+ 35. Kxf1 Qc2 36. Ke1 Qf2+ 37. Kd1 Qxf3+ 38. Kc2 Qe2+ 39. Kb1 Nd2+ 0-1

[Event "Baden Wuerttemberg-ch Seniors op 2nd"]
[Site "Freudenstadt"]
[Date "2016.07.06"]
[Round "6"]
[White "Seyfried, Claus"]
[Black "Keller, Harald"]
[Result "1/2-1/2"]
[WhiteElo "2143"]
[BlackElo "2024"]
[PlyCount "48"]
[EventDate "2016.07.01"]
[EventType "swiss"]
[EventRounds "9"]
[EventCountry "GER"]
[SourceTitle "EXT 2019"]
[Source "ChessBase"]
[SourceDate "2018.10.10"]
[SourceVersion "1"]
[SourceVersionDate "2018.10.10"]
[SourceQuality "1"]

1. e4 Nf6 2. e5 Nd5 3. d4 d6 4. c4 Nb6 5. exd6 cxd6 6. Nc3 g6 7. Be3 Bg7 8. Rc1 0-0 9. b3 Bf5 10. Nf3 Bg4 11. Be2 d5 12. c5 Nc8 13. h3 Bxf3 14. Bxf3 e6 15. Ne2 Nc6 16. 0-0 N8e7 17. Ng3 f6 18. Qd2 e5 19. dxe5 fxe5 20. Bh6 Bxh6 21. Qxh6 Nf5 22. Nxf5 Rxf5 23. Bg4 Rf8 24. Rcd1 Nd4 1/2-1/2

[Event "Baden Wuerttemberg-ch Seniors op 2nd"]
[Site "Freudenstadt"]
[Date "2016.07.04"]
[Round "4"]
[White "Keller, Harald"]
[Black "Schrems, Hermann"]
[Result "1/2-1/2"]
[WhiteElo "2024"]
[BlackElo "2084"]
[PlyCount "72"]
[EventDate "2016.07.01"]
[EventType "swiss"]
[EventRounds "9"]
[EventCountry "GER"]
[SourceTitle "EXT 2019"]
[Source "ChessBase"]
[SourceDate "2018.10.10"]
[SourceVersion "1"]
[SourceVersionDate "2018.10.10"]
[SourceQuality "1"]

1. e4 Nf6 2. e5 Nd5 3. c4 Nb6 4. d4 d6 5. exd6 cxd6 6. Nc3 g6 7. Be3 Bg7 8. Rc1 0-0 9. Be2 Bf5 10. Nf3 d5 11. b3 Nc6 12. c5 Nc8 13. 0-0 Bg4 14. h3 Bxf3 15. Bxf3 e6 16. Qd2 N8e7 17. Rfd1 Nf5 18. Ne2 Nh4 19. Bh6 Nxf3+ 20. gxf3 Qf6 21. Bxg7 Kxg7 22. f4 Ne7 23. b4 a6 24. a4 Nf5 25. Rc3 Kh8 26. Ng3 Ng7 27. Qe3 Qh4 28. Kg2 Rfc8 29. Rdc1 Qe7 30. b5 axb5 31. axb5 Ne8 32. b6 Qd7 33. h4 h5 34. f5 Kh7 35. fxg6+ fxg6 36. Qe5 Ng7 1/2-1/2

[Event "Kiel op 28th"]
[Site "Kiel"]
[Date "2015.07.29"]
[Round "7"]
[White "Keller, Harald"]
[Black "Janse, Alexander"]
[Result "0-1"]
[WhiteElo "2041"]
[BlackElo "1936"]
[PlyCount "56"]
[EventDate "2015.07.25"]
[EventType "swiss"]
[EventRounds "9"]
[EventCountry "GER"]
[SourceTitle "CBM 167 Extra"]
[Source "ChessBase"]
[SourceDate "2015.09.14"]
[SourceVersion "1"]
[SourceVersionDate "2015.09.14"]
[SourceQuality "1"]

1. e4 c5 2. Nf3 d6 3. c3 Nf6 4. Bd3 Nc6 5. Bc2 g6 6. 0-0 Bg7 7. d4 cxd4 8. cxd4 Bg4 9. Be3 0-0 10. Nbd2 Rc8 11. Rc1 d5 12. e5 Nd7 13. h3 Bxf3 14. Nxf3 e6 15. Qd2 Qb6 16. b3 Rc7 17. h4 Rfc8 18. h5 Qa5 19. hxg6 hxg6 20. Qe2 Qa3 21. Bb1 Nxd4 22. Nxd4 Rxc1 23. Bxc1 Rxc1 24. Nb5 Rxf1+ 25. Qxf1 Qc5 26. Nd6 Bxe5 27. Nxf7 Kxf7 28. Qd3 Qc1+ 0-1

[Event "Kiel op 28th"]
[Site "Kiel"]
[Date "2015.07.28"]
[Round "6"]
[White "Gutschenreiter, Donato"]
[Black "Keller, Harald"]
[Result "1/2-1/2"]
[WhiteElo "1639"]
[BlackElo "2041"]
[PlyCount "116"]
[EventDate "2015.07.25"]
[EventType "swiss"]
[EventRounds "9"]
[EventCountry "GER"]
[SourceTitle "CBM 167 Extra"]
[Source "ChessBase"]
[SourceDate "2015.09.14"]
[SourceVersion "1"]
[SourceVersionDate "2015.09.14"]
[SourceQuality "1"]

1. e4 Nf6 2. e5 Nd5 3. d4 d6 4. c4 Nb6 5. exd6 cxd6 6. Nf3 g6 7. Be2 Bg7 8. Nc3 Nc6 9. 0-0 Bg4 10. c5 dxc5 11. dxc5 Qxd1 12. Rxd1 Bxc3 13. cxb6 Bf6 14. bxa7 Rxa7 15. h3 Be6 16. a3 0-0 17. Bh6 Rc8 18. Rd2 Raa8 19. Bg5 Bg7 20. Bb5 Kf8 21. Bxc6 bxc6 22. Nd4 Bd5 23. Re1 e6 24. Be3 c5 25. Nf3 Rab8 26. Rc1 Bxb2 27. Rxc5 Bxa3 28. Rxc8+ Rxc8 29. Rd3 Bd6 30. Ng5 Rb8 31. Rd1 h5 32. Ne4 Be5 33. Nc5 Bc6 34. f4 Bf6 35. Rd6 Rb1+ 36. Kh2 Bd5 37. Nd7+ Kg7 38. Nxf6 Kxf6 39. Rd7 Rd1 40. Ra7 Rd3 41. Bc1 h4 42. Ra3 Rd1 43. Be3 Kf5 44. Bf2 Rd2 45. Kg1 f6 46. Kf1 g5 47. fxg5 fxg5 48. Ra5 Rc2 49. Rc5 Rb2 50. Rc1 e5 51. Kg1 Bb7 52. Rc7 e4 53. Rf7+ Kg6 54. Re7 Kf5 55. Rf7+ Ke6 56. Rg7 e3 57. Bxe3 Rxg2+ 58. Kf1 Rg3 1/2-1/2

[Event "Kiel op 28th"]
[Site "Kiel"]
[Date "2015.07.26"]
[Round "4"]
[White "Hoffmann, Hendrik"]
[Black "Keller, Harald"]
[Result "1/2-1/2"]
[WhiteElo "2159"]
[BlackElo "2041"]
[PlyCount "83"]
[EventDate "2015.07.25"]
[EventType "swiss"]
[EventRounds "9"]
[EventCountry "GER"]
[SourceTitle "CBM 167 Extra"]
[Source "ChessBase"]
[SourceDate "2015.09.14"]
[SourceVersion "1"]
[SourceVersionDate "2015.09.14"]
[SourceQuality "1"]

1. e4 Nf6 2. e5 Nd5 3. Nc3 Nxc3 4. bxc3 d5 5. f4 Bf5 6. Nf3 e6 7. d4 Be7 8. Bd3 Bxd3 9. Qxd3 b6 10. 0-0 Nc6 11. f5 Na5 12. Bf4 Nc4 13. Nd2 Nxd2 14. Bxd2 Qd7 15. fxe6 Qxe6 16. Rf3 0-0 17. Raf1 Qg6 18. Rf5 f6 19. e6 Bd6 20. Qb5 Rad8 21. Rxd5 Rfe8 22. Qb3 Rxe6 23. Rxd6 Rdxd6 24. Bf4 Qf7 25. Bxd6 Rxd6 26. Re1 Kf8 27. Qa3 a5 28. h3 Qd5 29. Qb3 Qc6 30. Re3 Qd7 31. Qc4 Qc6 32. Qd3 g6 33. Qe2 Qd7 34. Qf3 Kf7 35. Qf4 Re6 36. Rf3 Qe7 37. Qh6 Kg8 38. Qd2 Kg7 39. Kf2 Qe8 40. c4 Qe7 41. Rd3 Re4 42. a3 1/2-1/2

[Event "Kiel op 28th"]
[Site "Kiel"]
[Date "2015.07.25"]
[Round "1"]
[White "Keller, Harald"]
[Black "Bosselmann, Tom Linus"]
[Result "1-0"]
[WhiteElo "2041"]
[BlackElo "1701"]
[PlyCount "73"]
[EventDate "2015.07.25"]
[EventType "swiss"]
[EventRounds "9"]
[EventCountry "GER"]
[SourceTitle "CBM 167 Extra"]
[Source "ChessBase"]
[SourceDate "2015.09.14"]
[SourceVersion "1"]
[SourceVersionDate "2015.09.14"]
[SourceQuality "1"]

1. e4 c5 2. Nc3 e6 3. d3 a6 4. g3 Nc6 5. Bg2 b5 6. Nh3 Be7 7. 0-0 Bb7 8. f4 d6 9. Be3 Nf6 10. e5 dxe5 11. fxe5 Nd5 12. Nxd5 exd5 13. Qg4 g6 14. Qf4 0-0 15. Rae1 Nb4 16. Qh6 Nxc2 17. Ng5 Bxg5 18. Bxg5 f6 19. exf6 Rf7 20. Re7 Qf8 21. Rxb7 Rxb7 22. Bxd5+ Rf7 23. Qxf8+ Raxf8 24. Rc1 Nb4 25. Bxf7+ Kxf7 26. Rxc5 Nxd3 27. Rc7+ Ke6 28. Rxh7 Ne5 29. h4 Nf7 30. Rg7 Nxg5 31. hxg5 Kf5 32. Ra7 Kxg5 33. Rxa6 Kg4 34. Kf2 Rb8 35. f7 g5 36. Rf6 Rf8 37. a3 1-0

[Event "Stuttgart-chA op"]
[Site "Ditzingen"]
[Date "2015.05.15"]
[Round "3"]
[White "Stoll, Katja"]
[Black "Keller, Harald"]
[Result "1/2-1/2"]
[WhiteElo "1818"]
[BlackElo "2049"]
[PlyCount "35"]
[EventDate "2015.05.14"]
[EventType "swiss"]
[EventRounds "7"]
[EventCountry "GER"]
[SourceTitle "EXT 2018"]
[Source "ChessBase"]
[SourceDate "2017.10.13"]
[SourceVersion "1"]
[SourceVersionDate "2017.10.13"]
[SourceQuality "1"]

1. e4 Nf6 2. Nc3 d5 3. exd5 Nxd5 4. d4 g6 5. Bc4 Nb6 6. Bb3 Bg7 7. Nge2 Nc6 8. Be3 0-0 9. 0-0 Na5 10. Ne4 Nxb3 11. axb3 Nd5 12. Qd2 f5 13. N4c3 Nf6 14. Bh6 c6 15. Bxg7 Kxg7 16. Rad1 b5 17. Rfe1 a6 18. Nf4 1/2-1/2

[Event "GER-chT10 LJ-23 Br03 email"]
[Site "GER email"]
[Date "2013.10.04"]
[Round "?"]
[White "Keller, Harald"]
[Black "Nyberg, Wilfred"]
[Result "1-0"]
[WhiteElo "2190"]
[BlackElo "2109"]
[PlyCount "65"]
[EventDate "2013.10.15"]
[EventType "tourn (corr)"]
[EventRounds "8"]
[EventCountry "GER"]
[SourceTitle "Corr 2015"]
[Source "ChessBase"]
[SourceDate "2015.07.17"]
[SourceVersion "1"]
[SourceVersionDate "2015.07.17"]
[SourceQuality "1"]

1. e4 e6 2. d4 d5 3. Nc3 dxe4 4. Nxe4 Nd7 5. Nf3 Ngf6 6. Bd3 Nxe4 7. Bxe4 Nf6 8. Bg5 Be7 9. Bxf6 Bxf6 10. Qd3 Bd7 11. Ne5 c6 12. 0-0-0 Qe7 13. f4 0-0-0 14. Qe3 Be8 15. Kb1 Kb8 16. g3 h5 17. h4 Qc7 18. Rhe1 Be7 19. Bg2 Bd6 20. Bh3 g6 21. Rd3 Rf8 22. a3 Ka8 23. Rb3 Rb8 24. Nc4 Qe7 25. a4 Rd8 26. Qc3 Bc7 27. a5 Bd6 28. Nb6+ Kb8 29. a6 Bc7 30. Nd7+ Rxd7 31. Rxb7+ Kc8 32. Bg2 Kd8 33. Rxa7 1-0

[Event "GER-chT10 LJ-23 Br03 email"]
[Site "GER email"]
[Date "2013.10.04"]
[Round "?"]
[White "Rennoch, Ralf"]
[Black "Keller, Harald"]
[Result "0-1"]
[WhiteElo "1873"]
[BlackElo "2190"]
[PlyCount "56"]
[EventDate "2013.10.15"]
[EventType "tourn (corr)"]
[EventRounds "8"]
[EventCountry "GER"]
[SourceTitle "Corr 2015"]
[Source "ChessBase"]
[SourceDate "2015.07.17"]
[SourceVersion "1"]
[SourceVersionDate "2015.07.17"]
[SourceQuality "1"]

1. e4 c5 2. Nf3 d6 3. d4 cxd4 4. Nxd4 Nf6 5. Nc3 a6 6. Qe2 e5 7. Nb3 Be6 8. f3 Nbd7 9. Be3 b5 10. Qf2 Be7 11. Rd1 Qc7 12. Bd3 b4 13. Ne2 d5 14. exd5 Nxd5 15. Be4 Nxe3 16. Qxe3 Rd8 17. Ng3 0-0 18. Nf5 Bxf5 19. Bxf5 a5 20. Bxd7 Rxd7 21. Rxd7 Qxd7 22. 0-0 a4 23. Nc1 Rc8 24. Qd3 Qc6 25. c3 a3 26. bxa3 bxc3 27. a4 Qc5+ 28. Kh1 Rd8 0-1

[Event "Stuttgart-chA int"]
[Site "Ditzingen"]
[Date "2013.05.11"]
[Round "6"]
[White "Keller, Harald"]
[Black "Dimitriadis, Pavlos"]
[Result "1/2-1/2"]
[WhiteElo "2049"]
[BlackElo "1871"]
[PlyCount "96"]
[EventDate "2013.05.09"]
[EventType "swiss"]
[EventRounds "7"]
[EventCountry "GER"]
[SourceTitle "EXT 2014"]
[Source "ChessBase"]
[SourceDate "2013.11.20"]
[SourceVersion "1"]
[SourceVersionDate "2013.11.20"]
[SourceQuality "1"]

1. e4 e5 2. Nf3 Nc6 3. d4 exd4 4. Bc4 Nf6 5. 0-0 Nxe4 6. Re1 d5 7. Bxd5 Qxd5 8. Nc3 Qa5 9. Nxe4 Be6 10. Neg5 0-0-0 11. Nxe6 fxe6 12. Rxe6 Bd6 13. Bg5 Rde8 14. Qe2 Ref8 15. Bh4 Qh5 16. Bg3 Bxg3 17. hxg3 Qd5 18. a3 Rd8 19. Rd1 Qd7 20. Rd3 Rhe8 21. Re4 Rxe4 22. Qxe4 h6 23. c3 Qd5 24. Qxd5 Rxd5 25. Nxd4 Ne5 26. Rd2 c5 27. Nb3 Rxd2 28. Nxd2 Kd7 29. Kf1 b5 30. Ke2 Kc6 31. f4 Nd7 32. Kd3 Kd6 33. c4 a6 34. Ne4+ Kc6 35. g4 Kc7 36. g5 Kc6 37. gxh6 gxh6 38. g4 Kc7 39. b3 Kc6 40. Ng3 Nf6 41. g5 hxg5 42. fxg5 Nd7 43. Ke4 Nf8 44. Ke5 a5 45. cxb5+ Kxb5 46. Kd5 a4 47. bxa4+ Kxa4 48. Kxc5 Ne6+ 1/2-1/2

[Event "Stuttgart-chA int"]
[Site "Ditzingen"]
[Date "2013.05.11"]
[Round "5"]
[White "Loehr, Markus"]
[Black "Keller, Harald"]
[Result "1-0"]
[WhiteElo "2235"]
[BlackElo "2049"]
[PlyCount "117"]
[EventDate "2013.05.09"]
[EventType "swiss"]
[EventRounds "7"]
[EventCountry "GER"]
[SourceTitle "EXT 2014"]
[Source "ChessBase"]
[SourceDate "2013.11.20"]
[SourceVersion "1"]
[SourceVersionDate "2013.11.20"]
[SourceQuality "1"]

1. d4 Nf6 2. c4 e5 3. dxe5 Ng4 4. Bf4 Nc6 5. Nf3 Bb4+ 6. Nbd2 Qe7 7. e3 Ngxe5 8. Nxe5 Nxe5 9. Be2 a5 10. 0-0 Bxd2 11. Qxd2 0-0 12. Qc3 d6 13. c5 Bf5 14. cxd6 cxd6 15. Rac1 Be4 16. Rfd1 Bc6 17. Qa3 Rfd8 18. Rd2 Qf6 19. Rcd1 d5 20. Qc3 Re8 21. Bxe5 Rxe5 22. Rd4 a4 23. Rf4 Qe7 24. a3 Rd8 25. Qb4 Qxb4 26. Rxb4 g6 27. Rbd4 Ra8 28. Bf3 Ra5 29. Rc1 Kf8 30. Be2 Re4 31. Rd2 Ke7 32. Bf3 Re5 33. h4 h5 34. Rd4 f5 35. Rb4 Kf6 36. Kf1 Re7 37. Ke1 Ke5 38. Kd2 Kd6 39. g3 Rc5 40. Rxc5 Kxc5 41. Rd4 Re8 42. Kc3 Ra8 43. Be2 Ra5 44. f3 Ra8 45. g4 fxg4 46. fxg4 Re8 47. Kd2 hxg4 48. Rxg4 Re4 49. Rxe4 dxe4 50. Kc3 Bd5 51. Bg4 b5 52. Bd7 Bf7 53. Bc8 Bd5 54. Bg4 Bf7 55. Bd7 g5 56. hxg5 Bg6 57. Bg4 Bh7 58. Bh5 Bf5 59. Bf7 1-0